000 00564nam a2200169Ia 4500
003 OSt
005 20210920123542.0
008 190216s9999||||xx |||||||||||||| ||und||
040 _coclc
082 _a297
_bMUH/K
100 _aMuhammad, Immam Thakyudheen Abi Bakar Bin
_98814
245 0 _aKifaya Al Akhyav /
_cImmam Thakyudheen Abi Bakar Bin Muhammad ; Al Husaini Al Husma Al Dham Al Shaqi Al Shafi
260 _bThe Religions Departmentof Qatar,
_aQatar:
300 _a618p
650 _aArabic
942 _cBK
_2ddc
_h297
_iMUH/K
_k297
_mMUH/K
999 _c345
_d345